Marvel SNAP: Evolution - Statistics

General Stats
  • This quiz has been taken 72 times
  • The average score is 6 of 7
Answer Stats
Cost Power Ability Answer % Correct
0 1 On Reveal: Afflict a random enemy card here with -1 Power. Wasp
98%
6 12 When you end a turn with unspent energy, +2 Power. (if in hand or in play) Hulk
94%
1 2 When you end a turn with unspent Energy, give another friendly card +1 Power. Misty Knight
94%
4 6 On Reveal: Afflict 3 random enemy cards here with -1 Power. The Thing
94%
5 9 Costs 1 less for each enemy card in play that's afflicted with negative Power. Abomination
90%
3 4 When you end a turn with unspent Energy, afflict 2 random enemies here with -1 Power. Cyclops
90%
2 3 On Reveal: Give the leftmost card in your hand -1 Cost. Shocker
87%
No matching quizzes found
Score Distribution
Percent of People with Each Score
Percentile by Number Answered
Your Score History
You have not taken this quiz